Mysore municipalities act, 1962 (Record no. 417051)

000 -LEADER
fixed length control field 00396cam a22001217a 4500
008 - FIXED-LENGTH DATA ELEMENTS--GENERAL INFORMATION
fixed length control field 180718b1962 xxu||||| |||| 00| 0 eng d
082 ## - DEWEY DECIMAL CLASSIFICATION NUMBER
Classification number B7303mx5444 MYS
245 ## - TITLE STATEMENT
Title Mysore municipalities act, 1962
Statement of responsibility, etc. by Laws, Statues, etc
260 ## - PUBLICATION, DISTRIBUTION, ETC.
Place of publication, distribution, etc. Bangalore
Name of publisher, distributor, etc. Director Of Printing
Date of publication, distribution, etc. 1962
300 ## - PHYSICAL DESCRIPTION
Extent 256p
650 ## - SUBJECT ADDED ENTRY--TOPICAL TERM
Topical term or geographic name entry element Municipal Government- India- Mysore - Legislation
700 ## - ADDED ENTRY--PERSONAL NAME
Personal name Mysore. Laws, Statues, etc
Holdings
Withdrawn status Lost status Damaged status Not for loan Permanent Location Current Location Date acquired Full call number Barcode Date last seen Price effective from Koha item type
        Indian Institute of Public Administration Indian Institute of Public Administration 2009-03-20 B7303mx5444 MYS D338 2018-07-21 2018-07-21 D

Powered by Koha